[Event "South America-ch U18 Girls 13th"]
[Site "Santiago de Chile"]
[Date "2016.12.02"]
[Round "2"]
[White "Arias Cango, Nathaly del Cisne"]
[Black "Gutierrez Bravo, Nicole Abigail"]
[Result "1-0"]
[WhiteElo "1784"]
[BlackElo "1666"]
[PlyCount "59"]
[EventDate "2016.12.01"]
[EventType "swiss"]
[EventRounds "9"]
[EventCountry "CHI"]
[SourceTitle "EXT 2018"]
[Source "ChessBase"]
[SourceDate "2017.10.13"]
[SourceVersion "1"]
[SourceVersionDate "2017.10.13"]
[SourceQuality "1"]

1. e4 e6 2. d3 d5 3. Qe2 Nc6 4. Nf3 d4 5. e5 Bb4+ 6. c3 dxc3 7. bxc3 Ba5 8. Qc2 Qd5 9. Be2 Nge7 10. 0-0 Nxe5 11. Ba3 N5c6 12. d4 Bd7 13. Nbd2 0-0 14. c4 Qh5 15. Nb3 Rfe8 16. Ne5 Nxd4 17. Bxh5 Nxc2 18. Bxf7+ Kf8 19. Bxe8 Nxa3 20. Nxa5 Bxe8 21. Nxb7 Nf5 22. Rfd1 Ke7 23. Rac1 Ba4 24. Rd3 Nc2 25. Nc5 Ncd4 26. Kf1 Kd6 27. Nxa4 Kxe5 28. g4 Nd6 29. Re1+ Kf6 30. Rxd4 1-0

[Event "ECU pre olympic (Women)"]
[Site "Duran"]
[Date "2016.05.10"]
[Round "3"]
[White "Penafiel Mendoza, Josselyne Stefania"]
[Black "Arias Cango, Nathaly del Cisne"]
[Result "1-0"]
[WhiteElo "1747"]
[BlackElo "1742"]
[PlyCount "113"]
[EventDate "2016.05.09"]
[EventType "tourn"]
[EventRounds "11"]
[EventCountry "ECU"]
[SourceTitle "CBM 172 Extra"]
[Source "ChessBase"]
[SourceDate "2016.06.21"]
[SourceVersion "1"]
[SourceVersionDate "2016.06.21"]
[SourceQuality "1"]

1. d4 Nf6 2. c4 c5 3. d5 d6 4. Nc3 g6 5. e3 Bg7 6. Be2 0-0 7. Nf3 e6 8. 0-0 exd5 9. cxd5 Bg4 10. h3 Bxf3 11. Bxf3 Na6 12. Rb1 Nd7 13. Be2 Nc7 14. Bd2 a6 15. a4 f5 16. Qc2 Qe7 17. b4 Ne8 18. bxc5 Nxc5 19. Bf3 Nf6 20. Rfe1 Rac8 21. Qd1 Nd3 22. Rf1 Ne4 23. Nxe4 fxe4 24. Be2 Ne5 25. Rb4 Qf7 26. Bc1 Qf5 27. Rxb7 Qg5 28. Kh1 Qh4 29. Bg4 Rc4 30. g3 Qd8 31. Be6+ Kh8 32. Bb2 Rc7 33. Qb3 Nd3 34. Bxg7+ Rxg7 35. Qc3 Ne5 36. Rxg7 Kxg7 37. Qd4 Qb8 38. Qxe4 Qb2 39. f4 Qe2 40. Qg2 Qc4 41. Rb1 Nd3 42. Rd1 Nc5 43. Qb2+ Kh6 44. Qd4 Qe2 45. Bg4 Qf2 46. Rg1 Qc2 47. Rg2 Qc1+ 48. Kh2 Nb3 49. Qb4 Qxe3 50. Qxd6 Qe8 51. Re2 Qf7 52. Re7 Qg8 53. Qe5 g5 54. fxg5+ Qxg5 55. Rxh7+ Kxh7 56. Qxg5 Rg8 57. Bf5+ 1-0

[Event "ECU pre olympic (Women)"]
[Site "Duran"]
[Date "2016.05.09"]
[Round "1"]
[White "Heredia Serrano, Carla Sofia"]
[Black "Arias Cango, Nathaly del Cisne"]
[Result "0-1"]
[WhiteElo "2111"]
[BlackElo "1742"]
[PlyCount "106"]
[EventDate "2016.05.09"]
[EventType "tourn"]
[EventRounds "11"]
[EventCountry "ECU"]
[SourceTitle "CBM 172 Extra"]
[Source "ChessBase"]
[SourceDate "2016.06.21"]
[SourceVersion "1"]
[SourceVersionDate "2016.06.21"]
[SourceQuality "1"]

1. d4 Nf6 2. Nf3 g6 3. Nc3 d5 4. Bf4 Bg7 5. Qd2 a6 6. Bh6 Bxh6 7. Qxh6 Bf5 8. 0-0-0 Nc6 9. Ne5 Qd6 10. Qg7 Rf8 11. Nxc6 Qxc6 12. f3 0-0-0 13. g4 Be6 14. h3 Rg8 15. Qh6 g5 16. h4 Rg6 17. hxg5 Rxh6 18. Rxh6 Nd7 19. Rxh7 Nb6 20. e3 Rg8 21. Bd3 Kb8 22. g6 fxg6 23. Rxe7 Qd6 24. Rh7 Qf8 25. Rh3 c5 26. dxc5 Qxc5 27. Re1 Bd7 28. Rh6 Re8 29. Kd2 d4 30. Nd1 dxe3+ 31. Rxe3 Qa5+ 32. Ke2 Nd5 33. Rxe8+ Bxe8 34. Rh8 Nf4+ 35. Kf2 Nxd3+ 36. cxd3 Qd2+ 37. Kg3 Qxd1 38. Rxe8+ Ka7 39. Kf2 Qxd3 40. Re2 Kb6 41. a3 Kc5 42. Re5+ Kd4 43. Re2 b5 44. Re6 Qd2+ 45. Kg3 Qxb2 46. Rxa6 g5 47. Ra8 Qc1 48. Rd8+ Ke3 49. Re8+ Kd2 50. Rd8+ Ke1 51. Re8+ Kf1 52. Re4 Qb2 53. a4 Qg2# 0-1

[Event "American Continental (Women) 09th"]
[Site "Lima"]
[Date "2016.02.27"]
[Round "8"]
[White "Arias Cango, Nathaly del Cisne"]
[Black "Besso, Guadalupe"]
[Result "0-1"]
[WhiteElo "1888"]
[BlackElo "1996"]
[PlyCount "152"]
[EventDate "2016.02.20"]
[EventType "swiss"]
[EventRounds "9"]
[EventCountry "PER"]
[SourceTitle "CBM 171 Extra"]
[Source "ChessBase"]
[SourceDate "2016.04.26"]
[SourceVersion "1"]
[SourceVersionDate "2016.04.26"]
[SourceQuality "1"]

1. e4 c5 2. Nf3 d6 3. c3 Nf6 4. Be2 g6 5. 0-0 Bg7 6. Bb5+ Bd7 7. Bxd7+ Qxd7 8. Re1 Nc6 9. d4 cxd4 10. cxd4 d5 11. e5 Ne4 12. Nc3 Nxc3 13. bxc3 0-0 14. h4 Rac8 15. h5 Nd8 16. Qd3 Ne6 17. g3 Qc6 18. Bd2 Qc4 19. Qe3 Qc6 20. Kg2 Rfe8 21. hxg6 hxg6 22. Rh1 f6 23. Rh2 Kf7 24. Rah1 Rh8 25. exf6 exf6 26. Qd3 Qc4 27. Qb1 Qc6 28. Nh4 Nf8 29. Qb4 Qb6 30. Qa4 Rc4 31. Qa3 Ne6 32. Nf3 Rcc8 33. Qa4 Qc6 34. Qb3 Rxh2+ 35. Rxh2 Rh8 36. Rxh8 Bxh8 37. Ne1 Bg7 38. Nd3 a5 39. Nb2 Bf8 40. Nd3 b5 41. Ne1 Qc4 42. Qb2 b4 43. Nf3 Be7 44. Qa1 Bf8 45. Qh1 bxc3 46. Qh7+ Bg7 47. Nh4 cxd2 48. Qxg6+ Kf8 49. Qb1 Qc7 50. Nf3 d1Q 51. Qxd1 Qc4 52. Qb1 Qb4 53. Qc1 Kf7 54. Qc8 Qe7 55. Qc2 Kg8 56. Qc8+ Kf7 57. Qc2 Qc7 58. Qf5 Qd6 59. Ne5+ Kg8 60. Nf3 Qd7 61. Qb1 a4 62. Qb8+ Kh7 63. Qb1+ Kg8 64. Qb8+ Bf8 65. Qb6 Kf7 66. Qb1 Ng7 67. Nh4 f5 68. Qb6 Qe6 69. Qc7+ Be7 70. Nf3 Qe4 71. Qc3 Ne6 72. Kh2 Kg7 73. a3 f4 74. g4 Qe2 75. Kg2 Ng5 76. Ne5 f3+ 0-1

[Event "South America-ch U16 Girls 12th"]
[Site "Santa Cruz"]
[Date "2015.12.04"]
[Round "4"]
[White "Arias Cango, Nathaly del Cisne"]
[Black "Basto, Suely"]
[Result "1-0"]
[WhiteElo "1765"]
[BlackElo "1934"]
[PlyCount "37"]
[EventDate "2015.12.02"]
[EventType "swiss"]
[EventRounds "9"]
[EventCountry "BOL"]
[SourceTitle "CBM 170 Extra"]
[Source "ChessBase"]
[SourceDate "2016.02.25"]
[SourceVersion "1"]
[SourceVersionDate "2016.02.25"]
[SourceQuality "1"]

1. e4 g6 2. d4 Bg7 3. Nc3 d6 4. Be3 Nd7 5. f4 a6 6. Bd3 e6 7. Nf3 Ne7 8. 0-0 h6 9. f5 0-0 10. Qd2 g5 11. h4 g4 12. Bxh6 gxf3 13. Bxg7 Kxg7 14. Rxf3 exf5 15. exf5 f6 16. Rg3+ Kh7 17. Qe2 Qe8 18. Re1 Nd5 19. Nxd5 1-0

[Event "Bogota University op 9th"]
[Site "Bogota"]
[Date "2015.10.12"]
[Round "9"]
[White "De Arco, Luis Carlos"]
[Black "Arias Cango, Nathaly del Cisne"]
[Result "1-0"]
[WhiteElo "2283"]
[BlackElo "1712"]
[PlyCount "57"]
[EventDate "2015.10.08"]
[EventType "swiss"]
[EventRounds "9"]
[EventCountry "COL"]
[SourceTitle "CBM 168 Extra"]
[Source "ChessBase"]
[SourceDate "2015.10.29"]
[SourceVersion "1"]
[SourceVersionDate "2015.10.29"]
[SourceQuality "1"]

1. e4 c5 2. Nf3 e6 3. c3 Nf6 4. e5 Nd5 5. d4 cxd4 6. cxd4 b6 7. Bd3 Bb7 8. a3 d6 9. 0-0 Nd7 10. Re1 Rc8 11. Bd2 dxe5 12. Nxe5 Nxe5 13. dxe5 Be7 14. Qg4 g6 15. Bh6 Bf8 16. Qh3 a6 17. Be4 Qe7 18. Bxd5 Bxd5 19. Nc3 Bb7 20. Rad1 Rc4 21. Bxf8 Rxf8 22. Rd6 Rc6 23. Ne4 Rxd6 24. Nxd6+ Kd8 25. Rc1 Qd7 26. Qe3 Ke7 27. Qxb6 Rc8 28. Nxc8+ Kf8 29. Qd6+ 1-0

[Event "Pan American-ch U16 Girls"]
[Site "Cali"]
[Date "2015.07.01"]
[Round "5"]
[White "Quevedo, Andreina"]
[Black "Arias Cango, Nathaly del Cisne"]
[Result "0-1"]
[WhiteElo "1792"]
[BlackElo "1639"]
[PlyCount "84"]
[EventDate "2015.06.28"]
[EventType "swiss"]
[EventRounds "9"]
[EventCountry "COL"]
[SourceTitle "EXT 2016"]
[Source "ChessBase"]
[SourceDate "2015.10.08"]
[SourceVersion "1"]
[SourceVersionDate "2015.10.08"]
[SourceQuality "1"]

1. e4 c5 2. Nf3 e6 3. d4 cxd4 4. Nxd4 a6 5. Nc3 Qc7 6. Be2 b5 7. a3 Bb7 8. 0-0 Nf6 9. Bf3 Nc6 10. Nxc6 dxc6 11. Re1 Bd6 12. g3 h5 13. Qe2 Be5 14. Be3 h4 15. Rad1 c5 16. Bg2 hxg3 17. hxg3 0-0 18. Bg5 Nh7 19. Be3 Rfd8 20. f4 Bd4 21. Bxd4 cxd4 22. Na2 e5 23. Qf2 Nf6 24. fxe5 Qxe5 25. Nb4 Ng4 26. Qf4 Qh5 27. Rd2 Qh2+ 28. Kf1 Ne3+ 29. Rxe3 dxe3 30. Qxe3 Rxd2 31. Qxd2 Qxg3 32. Nd5 Bxd5 33. Qxd5 Re8 34. Qc6 Re6 35. Qc8+ Kh7 36. Qc5 Rf6+ 37. Kg1 Qe1+ 38. Kh2 Rh6+ 39. Bh3 Qe2+ 40. Kg1 Rg6+ 41. Kh1 Qf3+ 42. Kh2 Qg3+ 0-1

[Event "ECU-chT U20 Girls"]
[Site "Carpuela"]
[Date "2014.05.04"]
[Round "4.1"]
[White "Arias Cango, Nathaly del Cisne"]
[Black "Salazar Zambrano, Estefania Is"]
[Result "1-0"]
[WhiteElo "1636"]
[BlackElo "1466"]
[PlyCount "49"]
[EventDate "2014.05.03"]
[EventType "team-swiss"]
[EventRounds "7"]
[EventCountry "ECU"]
[SourceTitle "CBM 160 Extra"]
[Source "ChessBase"]
[SourceDate "2014.07.01"]
[SourceVersion "1"]
[SourceVersionDate "2014.07.01"]
[SourceQuality "1"]
[WhiteTeam "Loja (W)"]
[BlackTeam "Cotopaxi (W)"]
[WhiteTeamCountry "ECU"]
[BlackTeamCountry "ECU"]

1. e4 e5 2. Nf3 Nc6 3. Bb5 a6 4. Ba4 Nf6 5. 0-0 b5 6. Bb3 h6 7. c3 Bb7 8. Re1 d6 9. d4 Be7 10. Nbd2 0-0 11. Nf1 Re8 12. Ng3 Bc8 13. h3 Bf8 14. Nh2 Na5 15. Bc2 c5 16. a4 b4 17. cxb4 cxb4 18. b3 d5 19. dxe5 Rxe5 20. Bb2 Re6 21. Bxf6 Rxf6 22. exd5 Bc5 23. Ne4 Rf5 24. Nxc5 Rxd5 25. Qxd5 1-0

[Event "Mar del Plata Schools 19th"]
[Site "Mar del Plata"]
[Date "2013.11.24"]
[Round "3.2"]
[White "Arias Cango, Nathaly del Cisne"]
[Black "Molina, Jessica"]
[Result "1-0"]
[WhiteElo "1591"]
[BlackElo "1639"]
[PlyCount "39"]
[EventDate "2013.11.23"]
[EventType "team-tourn"]
[EventRounds "9"]
[EventCountry "ARG"]
[SourceTitle "CBM 157 Extra"]
[Source "ChessBase"]
[SourceDate "2013.12.19"]
[SourceVersion "1"]
[SourceVersionDate "2013.12.19"]
[SourceQuality "1"]
[WhiteTeam "Ecuador"]
[BlackTeam "Bolivia"]
[WhiteTeamCountry "ECU"]
[BlackTeamCountry "BOL"]

1. e4 e5 2. Nf3 Nf6 3. Nxe5 d6 4. Nf3 Nxe4 5. Nc3 Nxc3 6. dxc3 Nc6 7. Be3 Bg4 8. h3 Bxf3 9. Qxf3 Qd7 10. 0-0-0 0-0-0 11. Bb5 f6 12. Bxa7 Qe6 13. Bxc6 bxc6 14. Qxc6 Qxa2 15. Bb6 Qf7 16. Rd5 Re8 17. Ra5 Kd8 18. Ra8+ Ke7 19. Re1+ Qe6 20. Qxe8# 1-0